• 首页
  • 本馆介绍
  • 公告通知
  • 最新文献
  • 馆藏检索
  • 电子资源
  • 读者导购
  • 参考咨询
  • 我的图书馆
  • 登录
  • 详细信息显示
  • 放入我的书架
  • 预约/预借图书
  • 作者相关作品
  • 分类相关作品
  • 丛书相关作品
  • 出版社相关作品

书目信息

  • 表格格式
  • 工作单格式
  • 卡片格式
题名:
中学文学常识六百题
    
 
作者: 郭向群 编
分册:  
出版信息: 济南   山东文艺出版社  1986
页数: 227页
开本: 19cm
丛书名:
单 册:
中图分类: H194.5 , G633.3
科图分类:
主题词: 文学--中学--自学参考资料 , 教育--各级
电子资源:
ISBN:
000 00709nam0 2200265 45
001 0186006986
005 20040509174042.5
010    @dCNY1.30
091    @a10331.125
100    @a19951031d1986 em y0chiy0121 ea
101 0  @achi
102    @aCN@b370000
105    @ay z 000yy
106    @ar
200 10 @a中学文学常识六百题@Azhong xue wen xue chang shi liu bai ti@f郭向群编
210    @a济南@c山东文艺出版社@d1986
215    @a227页@d19cm
606    @a文学@x中学@x自学参考资料
606 0  @a教育@x各级
690    @aH194.5@v3
690    @aG633.3
701  0 @a郭向群@4编@Aguo xiang qun
801  0 @aCN@b深圳图书馆@c20040509
801  2 @aCN@bNLC@c20040509
905    @f4@b257213-216@dG633.3@e245
    
    中学文学常识六百题/郭向群编.-济南:山东文艺出版社,1986
    227页;19cm
    
    
    ISBN :CNY1.30
    
●
相关链接 在E读中查询图书 在五车中查询图书 在当当中查询图书 在豆瓣中查询图书


正题名:中学文学常识六百题     索取号:G633.3/245         预约/预借

序号 登录号 条形码 馆藏地/架位号 状态 备注
1 0257212   000261843   第一样本阅览室/ [索取号:G633.3/245] 在馆    
2 0257213   000261825   密集书库/ [索取号:G633.3/245] 在馆    
3 0257214   000261834   密集书库/ [索取号:G633.3/245] 在馆    
4 0257215   000261772   密集书库/ [索取号:G633.3/245] 在馆    
5 0257216   000261816   密集书库/ [索取号:G633.3/245] 在馆    
唐山师范学院图书馆 欢迎您!
大连网信软件有限公司© 版权所有